| 000 | 00604nam a2200193 a 4500 | ||
|---|---|---|---|
| 001 | 000029903 | ||
| 005 | 20200930055909.0 | ||
| 008 | 110426s1971 dr 000 0 spa d | ||
| 040 |
_aDO-SdBNP _bspa _cBNPHU |
||
| 082 |
_axxx _bC963a |
||
| 100 | 1 |
_aCucurullo, Orestes _953849 |
|
| 245 | 1 | 0 |
_aAspectos políticos de la planificación familiar / _cOrestes Cucurullo. |
| 260 |
_aSanto Domingo : _bAsociación Dominicana Pro-Bienestar de la Familia, _c1971. |
||
| 300 |
_c12 p. _c21 cm. |
||
| 490 | 1 |
_aDocumentos _v5 |
|
| 504 | _aBibliografía : p. [13] | ||
| 830 | 0 |
_aDocumentos ; _v5 _91047 |
|
| 049 | _aBNPD | ||
| 999 |
_c29395 _d29395 |
||